000 00572nam a22001937a 4500
999 _c3166
_d3166
003 AR-CdUCM
008 190306b ||||| |||| 00| 0 spa d
040 _aMUNICIPALIDAD PROVINCIAL DEL CUSCO
_cBIBLIOTECA MUNICIPAL DEL CUSCO
082 _a869 /
_bV32
100 _aVargas Echegaray, Alcides
_910660
245 _aLazos de sangre /
260 _aLima :
_bInstituto Nacional de Cultura,
_c2005
300 _a339 páginas,
_c23 cm.
650 _aNovela
_95
650 _aEscritores Cusqueños
_910661
650 _aLiteratura
_9416
942 _2ddc
_cLIBROS
945 _admma